Tenants pre-emption rights (Record no. 97650)

MARC details
000 -LEADER
fixed length control field 00998cam a2200229 4500
008 - FIXED-LENGTH DATA ELEMENTS--GENERAL INFORMATION
fixed length control field 090401t1999 xxu||||| |||| 00| 0 eng d
020 ## - INTERNATIONAL STANDARD BOOK NUMBER
International Standard Book Number 0853085536
035 ## - SYSTEM CONTROL NUMBER
System control number (Sirsi) u91509
041 ## - LANGUAGE CODE
Language code of text/sound track or separate title eng
050 ## - LIBRARY OF CONGRESS CALL NUMBER
Classification number 346.4104342
-- 18
100 ## - MAIN ENTRY--PERSONAL NAME
Personal name Dollar, Peta
245 ## - TITLE STATEMENT
Title Tenants pre-emption rights
Remainder of title a landlord's guide to the Landlord and Tenant Act 1987
260 ## - PUBLICATION, DISTRIBUTION, ETC.
Place of publication, distribution, etc. Bristol
Name of publisher, distributor, etc. Jordan
Date of publication, distribution, etc. 1999
300 ## - PHYSICAL DESCRIPTION
Extent xix, 179p.
Dimensions 25cm.
350 ## - PRICE (NR) (BK AM CF MU VM SE) [OBSOLETE]
Price 35
520 ## - SUMMARY, ETC.
Summary, etc. Sets out the background to the Landlord and Tenant Act 1987, when it applies, pre-disposal requirements, tenants' reponses and what to do next. Also condisers how to ensure that disposals fall outside the Act and the position of the prospective purchaser. Includes solutions to some practical problems and case law.
650 ## - SUBJECT ADDED ENTRY--TOPICAL TERM
Topical term or geographic name entry element LANDLORD AND TENANT ACT 1987
690 ## - LOCAL SUBJECT ADDED ENTRY--TOPICAL TERM (OCLC, RLIN)
Topical term or geographic name as entry element PROPERTY-RESIDENTIAL PROPERTY-RESIDENTIAL LANDLORD AND TENANT-RESIDENTIAL TENANCIES
700 ## - ADDED ENTRY--PERSONAL NAME
Personal name Thompson-Copsey, Sarah
942 ## - ADDED ENTRY ELEMENTS (KOHA)
Suppress in OPAC 0
948 ## - LOCAL PROCESSING INFORMATION (OCLC); SERIES PART DESIGNATOR (RLIN)
c (OCLC) 23/02/1999
Holdings
Withdrawn status Lost status Source of classification or shelving scheme Damaged status Not for loan Home library Current library Shelving location Date acquired Cost, normal purchase price Total Checkouts Full call number Barcode Date last seen Date last checked out Copy number Cost, replacement price Price effective from Koha item type
    Dewey Decimal Classification     London London Books 04/05/1999 35.00 7 346.4104342 DOL 30058253 06/08/2019 19/01/2004 2 35.00 06/08/2019 Book